| 000 | 006010000a22001810004500 | ||
|---|---|---|---|
| 003 | MACL | ||
| 005 | 20160402161556.0 | ||
| 008 | 160402b xxu||||| |||| 00| 0 eng d | ||
| 040 |
_aMACL _cMACL |
||
| 041 | _aHindi | ||
| 082 | _a403 | ||
| 100 |
_aमिश्र राममूर्ति _950136 |
||
| 245 | _aप्रतिभा सामान्य हिन्दी व्याकरण | ||
| 260 |
_aनई दिल्ली _bप्रयास पब्लिकेशन _c2011 |
||
| 350 | _a300 | ||
| 650 |
_aव्याकरण _950137 |
||
| 942 |
_cHIN _k403 _2ddc |
||
| 999 |
_c48149 _d48149 |
||